| 000 | 00435nam a22001697a 4500 | ||
|---|---|---|---|
| 003 | MPLRDC | ||
| 005 | 20220104145557.0 | ||
| 008 | 210129b ||||| |||| 00| 0 eng d | ||
| 082 | _a876.7 MAU-3 | ||
| 100 | _aGUY DE MAUPASSANT 莫泊桑 | ||
| 245 |
_a小芳黛 _c王丁一译 |
||
| 260 |
_a _b香港万里书店 _c1959 |
||
| 300 | _b平 | ||
| 490 | _a世界文学佳作丛书 | ||
| 650 | _a法国文学 | ||
| 942 |
_cBK _o876.7 MAU-3 |
||
| 999 |
_c51394 _d51384 |
||